| 000 | 00788nam a22001337a 4500 | ||
|---|---|---|---|
| 999 |
_c529099 _d529099 |
||
| 008 | 250221b ||||| |||| 00| 0 eng d | ||
| 100 |
_a Kamalakar, Gedam and Kamala, Kandi _950773 |
||
| 245 | _aIndia’s economic corridor through the middle East | ||
| 260 | _aWorld Affairs: The Journal of International Issues | ||
| 300 | _a 28(4), Oct-Dec, 2024: p.130-145 | ||
| 520 | _a India’s pursuit of economic through the middle East region has garnered significant attention in recent years. This article officers a strategic analysis of India’s efforts to establish an economic corridor spanning the middle East, examining the geopolitical, economic and diplomatic dominoes involved. – Reproduced | ||
| 773 | _aWorld Affairs: The Journal of International Issues | ||
| 942 | _cAR | ||